|
|
|
|
| LEADER |
04456nam a22004337a 4500 |
| 001 |
43793 |
| 003 |
BD-DhAAL |
| 005 |
20241128141231.0 |
| 008 |
241128t2022 ne b 001 0 eng d |
| 020 |
|
|
|a 9789403545400
|
| 020 |
|
|
|a 9789403545509
|
| 040 |
|
|
|a BD-DhAAL
|d BD-DhAAL
|
| 043 |
|
|
|a a-bg---
|
| 082 |
|
|
|a 343.549209944
|
| 100 |
1 |
|
|a Karim, Mohammad Ershadul,
|e author.
|9 57195
|
| 245 |
1 |
0 |
|a Cyber law in Bangladesh /
|c Mohammad Ershadul Karim.
|
| 250 |
|
|
|a Second edition.
|
| 260 |
|
|
|a Alphen aan den Rijn :
|b Wolters Kluwer Law International,
|c c2022.
|
| 300 |
|
|
|a 390 pages ;
|c 24 cm
|
| 500 |
|
|
|a "This book was originally published as a monograph in the International Encyclopedia of Laws/Cyber Law."
|
| 504 |
|
|
|a Includes bibliographical references and index.
|
| 520 |
8 |
|
|a Derived from the renowned multi-volume 'International Encyclopaedia of Laws', this practical guide to cyber law - the law affecting information and communication technology (ICT) - in Bangladesh covers every aspect of the subject, including intellectual property rights in the ICT sector, relevant competition rules, drafting and negotiating ICT-related contracts, electronic transactions, privacy issues, and computer crime. Lawyers who handle transnational matters will appreciate the detailed explanation of specific characteristics of practice and procedure.00Following a general introduction, the book assembles its information and guidance in seven main areas of practice: the regulatory framework of the electronic communications market; software protection, legal protection of databases or chips, and other intellectual property matters; contracts with regard to software licensing and network services, with special attention to case law in this area; rules with regard to electronic evidence, regulation of electronic signatures, electronic banking, and electronic commerce; specific laws and regulations with respect to the liability of network operators and service providers and related product liability; protection of individual persons in the context of the processing of personal data and confidentiality; and the application of substantive criminal law in the area of ICT.
|
| 526 |
|
|
|a SOL
|x MD Saimum Reza Talukder
Senior Lecturer
School of Law
Course name: Cyber Law (LAW 425)
|
| 541 |
|
|
|a Hye Trade International
|e 43793, 43794, 43795, 43796, 43797
|
| 650 |
|
0 |
|a Computer networks
|x Law and legislation
|z Bangladesh.
|9 57196
|
| 650 |
|
0 |
|a Internet
|x Law and legislation
|z Bangladesh.
|9 57197
|
| 650 |
|
0 |
|a Electronic commerce
|x Law and legislation
|z Bangladesh.
|9 57198
|
| 650 |
|
0 |
|a Law.
|
| 700 |
|
|
|a Blanpain, R.
|q (Roger),
|d 1932-2016,
|e founding editor.
|9 57199
|
| 700 |
|
|
|a Hendrickx, Frank,
|e general editor.
|9 57200
|
| 730 |
0 |
|
|a International Encyclopedia of Laws/Cyber Law.
|p Bangladesh.
|9 57201
|
| 852 |
|
|
|a Ayesha Abed Library
|c General Stacks
|
| 942 |
|
|
|2 ddc
|c BK
|
| 999 |
|
|
|c 46992
|d 46992
|
| 952 |
|
|
|0 0
|1 0
|2 ddc
|4 0
|6 343_549209944000000_KAR
|7 0
|9 76902
|a BRACUL
|b BRACUL
|c GEN
|d 2024-11-19
|e Hye Trade International
|g 12761.00
|l 2
|m 25
|o 343.549209944 KAR
|p 3010043795
|r 2026-01-27
|s 2025-08-07
|t 3
|v 12761.00
|w 2024-11-19
|y BK
|x Requisitioned by MD. Saimum Reza Talukder for the course named- "Cyber Law (Law 425) ".
|
| 952 |
|
|
|0 0
|1 0
|2 ddc
|4 0
|6 343_549209944000000_KAR
|7 0
|9 76903
|a BRACUL
|b BRACUL
|c GEN
|d 2024-11-19
|e Hye Trade International
|g 12761.00
|l 1
|o 343.549209944 KAR
|p 3010043793
|r 2025-09-04
|s 2025-08-18
|t 1
|v 12761.00
|w 2024-11-19
|y BK
|x Requisitioned by MD. Saimum Reza Talukder for the course named- "Cyber Law (Law 425) ".
|
| 952 |
|
|
|0 0
|1 0
|2 ddc
|4 0
|6 343_549209944000000_KAR
|7 0
|9 76904
|a BRACUL
|b BRACUL
|c GEN
|d 2024-11-19
|e Hye Trade International
|g 12761.00
|l 3
|m 23
|o 343.549209944 KAR
|p 3010043797
|q 2026-05-19
|r 2026-03-01
|s 2026-03-01
|t 5
|v 12761.00
|w 2024-11-19
|y BK
|x Requisitioned by MD. Saimum Reza Talukder for the course named- "Cyber Law (Law 425) ".
|
| 952 |
|
|
|0 0
|1 0
|2 ddc
|4 0
|6 343_549209944000000_KAR
|7 0
|9 76905
|a BRACUL
|b BRACUL
|c GEN
|d 2024-11-19
|e Hye Trade International
|g 12761.00
|l 0
|o 343.549209944 KAR
|p 3010043794
|r 2024-12-04
|t 2
|v 12761.00
|w 2024-11-19
|y BK
|x Requisitioned by MD. Saimum Reza Talukder for the course named- "Cyber Law (Law 425) ".
|
| 952 |
|
|
|0 0
|1 0
|2 ddc
|4 0
|6 343_549209944000000_KAR
|7 0
|9 76906
|a BRACUL
|b BRACUL
|c GEN
|d 2024-11-19
|e Hye Trade International
|g 12761.00
|l 3
|m 8
|o 343.549209944 KAR
|p 3010043796
|r 2026-04-22
|s 2026-03-04
|t 4
|v 12761.00
|w 2024-11-19
|y BK
|x Requisitioned by MD. Saimum Reza Talukder for the course named- "Cyber Law (Law 425) ".
|